Do-it-yourself high performance car mods : rule the streets /

Saved in:
Bibliographic Details
Main Author: Cramer, Matt (Author)
Format: Book
Language:English
Published: New York : McGraw Hill, 2013.
Subjects:
Tags: Add Tag
No Tags, Be the first to tag this record!
LEADER 01327cam a2200325 i 4500
001 u149909
003 SIRSI
005 20210114105757.0
008 140311n2013 000 0 eng u
020 |a 9780071804097 
020 |a 0071804099 
050 1 4 |a TL236.3   |b .C72 2014 
100 1 |a Cramer, Matt. ,  |e author  |9 75324 
245 1 0 |a Do-it-yourself high performance car mods :  |b rule the streets /  |c Matt Cramer. 
264 1 |a New York :  |b McGraw Hill,  |c 2013. 
300 |a xiii, 274 pages :  |b illustrations ;  |c 24 cm. 
336 |a text  |b txt  |2 rdacontent 
337 |a unmediated  |b n  |2 rdamedia 
338 |a volume  |b nc  |2 rdacarrier 
596 |a 1 
650 0 |a Hot rods.  |9 75325 
650 0 |a Automobiles  |x Customizing  |x Amateurs' manuals.  |9 3994 
650 0 |a Trucks  |x Customizing  |x Amateurs' manuals.  |9 75326 
650 0 |a Automobiles  |x Performance  |x Amateurs' manuals.  |9 16015 
942 |c BOOK_OA 
997 |a 202859 
998 |a 1  |b Shafrizan Shafferi 
999 |c 43335  |d 43335 
952 |0 0  |1 0  |2 LCC  |4 0  |6 TL02363 C72 02014  |7 0  |9 76429  |a UTHM_LIB  |b UTHM_LIB  |c OPENACCS  |d 2014-04-28  |g 292.79  |l 0  |o TL236.3 .C72 2014  |p 1000305479  |r 2020-12-05  |t 1  |w 2020-12-05  |y BOOK_OA 
952 |0 0  |1 0  |2 LCC  |4 0  |6 TL02363 C72 02014  |7 0  |9 76430  |a UTHM_LIB  |b UTHM_LIB  |c OPENACCS  |d 2014-04-28  |g 292.79  |l 0  |n 1  |o TL236.3 .C72 2014  |p 1000305480  |r 2020-12-05  |t 2  |w 2020-12-05  |y BOOK_OA